=LDR 00000nam 2200000 4500 =001 INLIS000000000018179 =005 20230306022910 =035 ##$$a 0010-061300000018179 =008 230306################g##########0#ind## =041 ##$$a Ind =082 ##$$a 346 =090 ##$$a 346, Sur p =100 1#$$a Suroso, R =245 1#$$a Perbandingan Hukum Perdata /$c R. Soeroso =260 ##$$a Jakarta :$b Sinar Grafika,$c 1995 =300 ##$$a xiv, 204 hlm ; $c 21x14 cm =650 #4$$a Hukum Perdata =850 ##$$a NBPNMAT =020 ##$$a 979-8767-75-6 =084 ##$$a 346 SUR p =250 ##$$a cet.1 =990 ##$$a 4386/Pro-97 =990 ##$$a 4376/Pro-97 =990 ##$$a 44377/Pro-97 =990 ##$$a 117.437/Pro.97 =990 ##$$a 117.438/Pro.97 =990 ##$$a 117.439/Pro.97 =990 ##$$a 20600098 =990 ##$$a 20605569 =990 ##$$a 20605570 =990 ##$$a 20605571 =990 ##$$a 21004474 =990 ##$$a 10312191 =990 ##$$a 40600098 =990 ##$$a 21004473 =990 ##$$a 20610381 =990 ##$$a 00055789 =990 ##$$a 108.185/Pb-97 =990 ##$$a 33.862 pb.90 =990 ##$$a 10312192 =990 ##$$a 40601025 =990 ##$$a 20610382 =990 ##$$a 4060096 =990 ##$$a 40600097 =990 ##$$a 20610383 =990 ##$$a 40601023